| 000 | 00723cam a2200205 a 4500 | ||
|---|---|---|---|
| 020 | _a0072979615 (pbk. : alk. paper) | ||
| 040 | _cDLC | ||
| 082 | 0 | 0 | _a339 HIL 2006 A108 Or. |
| 100 | 1 | _aSchiller, Bradley R., | |
| 245 | 1 | 4 | _aThe macro economy today / |
| 246 | 3 | _aMacroeconomy today | |
| 250 | _a10th ed. | ||
| 260 |
_aBoston : _bMcGraw-Hill/Irwin, _cc2006. |
||
| 300 |
_a1 v. (various pagings) : _bcol. ill. ; _c28 cm. |
||
| 500 | _aRev. ed. of: The macroeconomy today. 9th ed. c2003. | ||
| 500 | _aCard inserted to register login username and password for access to an instructional website with tutorials, exercises, and/or videos. | ||
| 650 | 0 | _aMacroeconomics. | |
| 700 | 1 | _aSchiller, Bradley R., | |
| 942 | _cEK | ||
| 999 |
_c16630 _d16630 |
||